Melchior Ndadaye Int. Airport Destinations (Bujumbura, Burundi) - Statistics

General Stats
  • This quiz has been taken 42 times
  • The average score is 6 of 7
Answer Stats
Airline Destination % Correct
Ethiopian Airlines Addis Ababa
100%
Brussels Airlines Brussels
100%
Air Tanzania Dar es Salaam
97%
RwandAir Kigali
93%
Kenya Airways Nairobi (Jomo Kenyatta)
93%
Uganda Airlines Entebbe
73%
Air Tanzania Kigoma
20%
No matching quizzes found
Score Distribution
Percent of People with Each Score
Percentile by Number Answered
Your Score History
You have not taken this quiz